| 000 | 00664nam a2200205 i 4500 | ||
|---|---|---|---|
| 001 | 52916 | ||
| 003 | ES-MaACL | ||
| 005 | 20250913153948.0 | ||
| 007 | t| | ||
| 008 | 030910s1970 sp ||||1| spa d | ||
| 080 | _a37.03:612.6 | ||
| 100 | 1 |
_aDelarge, Bernarda. _9173799 |
|
| 245 | 1 | 3 |
_aLa información sexual de nuestros hijos / _cBernarda Delarge ; traducción por Felipe Ximénez de Sandoval. |
| 260 |
_aMadrid : _bStudium, _c[1970] |
||
| 300 |
_a63 p. ; _c19 cm. |
||
| 650 | 7 |
_aEducación sexual de niños _2embne _912122 |
|
| 700 | 1 |
_aXiménez de Sandoval, Felipe, _d1903-1978 _9117510 |
|
| 852 | 4 |
_aES-MaACL _jC-50092 |
|
| 999 |
_c52916 _d52916 |
||